000
00253nam a22001217a 4500
003
SGT
082
_a
823
_b
BHA
100
_a
BHAGAT CHETAN
245
_a
THE 3 MISTAKES OF MY LIFE
260
_a
INDIA
_b
RUPA PUB
_c
2008
300
_a
257
942
_2
ddc
_c
BK
999
_c
33581
_d
33581